[Event "Bangkok op 22nd"]
[Site "Bangkok"]
[Date "2025.04.21"]
[Round "9"]
[White "Ang, Ern Jie Anderson"]
[Black "Romanov, Evgeny"]
[Result "0-1"]
[WhiteElo "2286"]
[BlackElo "2590"]
[PlyCount "76"]
[EventDate "2025.04.13"]
[EventType "swiss"]
[EventRounds "9"]
[EventCountry "THA"]
[SourceTitle "CB17_2025"]
[SourceDate "2025.04.23"]
[SourceVersion "1"]
[SourceVersionDate "2025.04.23"]
[SourceQuality "1"]

1. d4 Nf6 2. c4 e6 3. g3 d5 4. Bg2 Bd6 5. Nf3 0-0 6. 0-0 Nc6 7. cxd5 exd5 8. Nc3 h6 9. Nb5 Bf5 10. Nxd6 cxd6 11. Bf4 Re8 12. h3 Qd7 13. g4 Be4 14. e3 a5 15. Nd2 Bd3 16. Re1 Nb4 17. Bf1 Bc2 18. Qf3 Ne4 19. Qe2 Bd3 20. Qd1 Rac8 21. Nxe4 dxe4 22. Bxd3 Nxd3 23. Re2 h5 24. Rd2 d5 25. Bg3 Rc6 26. f4 Rec8 27. Kh2 hxg4 28. hxg4 f5 29. Bh4 fxg4 30. Rg2 Rh6 31. Kg3 g5 32. fxg5 Rxh4 33. Kxh4 Kg7 34. Rxg4 Qd6 35. Rg2 Rh8+ 36. Qh5 Rxh5+ 37. Kxh5 Qf8 38. Rg3 Qh8+ 0-1

[Event "Bangkok op 22nd"]
[Site "Bangkok"]
[Date "2025.04.14"]
[Round "2"]
[White "Ang, Ern Jie Anderson"]
[Black "Norouzi Chenari, Parham"]
[Result "0-1"]
[WhiteElo "2286"]
[BlackElo "1972"]
[PlyCount "88"]
[EventDate "2025.04.13"]
[EventType "swiss"]
[EventRounds "9"]
[EventCountry "THA"]
[SourceTitle "CB17_2025"]
[SourceDate "2025.04.23"]
[SourceVersion "1"]
[SourceVersionDate "2025.04.23"]
[SourceQuality "1"]

1. Nf3 Nf6 2. g3 b5 3. Bg2 Bb7 4. 0-0 c5 5. d3 e6 6. c4 a6 7. b3 Be7 8. Bb2 0-0 9. Nbd2 d5 10. e3 Nbd7 11. Qe2 Qb6 12. Rab1 Rac8 13. e4 Rfd8 14. Rfe1 d4 15. Nh4 Ne8 16. f4 Bxh4 17. gxh4 e5 18. f5 Qh6 19. Qf2 Qd6 20. Bf3 b4 21. Kh1 a5 22. Rg1 a4 23. Rbf1 Ra8 24. Rg2 axb3 25. axb3 Ra2 26. Rb1 Rda8 27. Nf1 R8a3 28. Qc2 Qh6 29. Qd1 Ra6 30. Bc1 Qb6 31. Bd2 Qa7 32. h5 h6 33. Qe2 Rc2 34. Qf2 Ra1 35. Bd1 Rca2 36. Rxa1 Rxa1 37. Qf3 Kf8 38. Ng3 Qa2 39. Bxh6 Qb1 40. Bxg7+ Kxg7 41. h6+ Kh7 42. Rg1 Ndf6 43. Qg2 Qxd3 44. Nh5 Bxe4 0-1

[Event "Olympiad-45"]
[Site "Budapest"]
[Date "2024.09.21"]
[Round "10.2"]
[White "Ang, Ern Jie Anderson"]
[Black "Kozusek, Daniel"]
[Result "0-1"]
[WhiteElo "2132"]
[BlackElo "2367"]
[PlyCount "168"]
[EventDate "2024.09.11"]
[EventType "team-swiss"]
[EventRounds "11"]
[EventCountry "HUN"]
[SourceTitle "EXT 2025"]
[Source "ChessBase"]
[SourceDate "2024.10.14"]
[SourceVersion "1"]
[SourceVersionDate "2024.10.14"]
[SourceQuality "1"]
[WhiteTeam "Malaysia"]
[BlackTeam "Wales"]
[WhiteTeamCountry "MAS"]
[BlackTeamCountry "WLS"]

1. Nf3 d5 2. g3 b6 3. Bg2 Bb7 4. 0-0 e6 5. b3 Nf6 6. Bb2 Be7 7. d4 0-0 8. Nbd2 a5 9. a3 a4 10. b4 c5 11. bxc5 bxc5 12. c4 Nbd7 13. Rb1 dxc4 14. Nxc4 Be4 15. Rc1 Qb8 16. Nfe5 Bxg2 17. Kxg2 Nxe5 18. dxe5 Nd5 19. Rb1 Qb5 20. Qc2 Nb6 21. Nd2 Qxe2 22. Rfe1 Qb5 23. Ne4 Rfd8 24. Bc1 Qc4 25. Qxc4 Nxc4 26. Rb7 Kf8 27. Bg5 Re8 28. Bxe7+ Rxe7 29. Rxe7 Kxe7 30. Nxc5 Ra5 31. Nb7 Ra7 32. Re4 Nxa3 33. Nc5 Nc2 34. Rxa4 Rxa4 35. Nxa4 Ne1+ 36. Kf1 Nf3 37. Ke2 Nxe5 38. f4 Nd7 39. Nc3 Nf6 40. Nd1 Kd6 41. Nf2 Kd5 42. Kd3 Nd7 43. Ng4 Nc5+ 44. Ke3 f6 45. Nf2 Nb7 46. Kd3 h6 47. Ke3 Nd6 48. Nd1 Kc4 49. Nf2 Kc3 50. Nd1+ Kc2 51. Nf2 Kc3 52. Nd1+ Kc4 53. Nb2+ Kd5 54. Nd1 Ne4 55. Kd3 Nc5+ 56. Ke3 f5 57. Nc3+ Kc4 58. Ne2 Nb3 59. Ng1 Nd4 60. Nh3 Kc3 61. Nf2 Nc2+ 62. Ke2 Nb4 63. h3 Kd4 64. g4 Nd5 65. Kf3 Nc3 66. h4 Nd5 67. gxf5 exf5 68. Nd1 Kd3 69. Nb2+ Kc3 70. Na4+ Kd4 71. Nb2 Nc3 72. h5 Nd5 73. Nd1 Kd3 74. Nb2+ Kc3 75. Na4+ Kd4 76. Kg3 Nf6 77. Kh4 Nd7 78. Kg3 Kc4 79. Nb2+ Kc3 80. Nd1+ Kd2 81. Nb2 Nb6 82. Kf3 Kc2 83. Ke3 Kxb2 84. Kd4 Nd7 0-1

[Event "Wch U20 61st"]
[Site "Gandhinagar"]
[Date "2024.06.12"]
[Round "10"]
[White "Ang, Ern Jie Anderson"]
[Black "Charan, Sandipagu"]
[Result "0-1"]
[WhiteElo "2198"]
[BlackElo "1924"]
[PlyCount "98"]
[EventDate "2024.06.02"]
[EventType "swiss"]
[EventRounds "11"]
[EventCountry "IND"]
[SourceTitle "CBM 220 Extra"]
[Source "ChessBase"]
[SourceDate "2024.07.31"]
[SourceVersion "1"]
[SourceVersionDate "2024.07.31"]
[SourceQuality "1"]

1. d4 d5 2. c4 e6 3. Nf3 Nf6 4. g3 dxc4 5. Bg2 a6 6. 0-0 Nc6 7. Nbd2 b5 8. Ne5 Nxe5 9. Bxa8 Qxd4 10. Nf3 Qa7 11. Bf4 Ned7 12. Bc6 Qc5 13. Ne5 Bd6 14. Nxd7 Qxc6 15. Nxf6+ gxf6 16. Be3 h5 17. Qd4 Be5 18. Qh4 Bxb2 19. Rad1 e5 20. f3 Ba3 21. Kg2 Be7 22. Bd2 Be6 23. Kh1 c3 24. Rc1 b4 25. a3 a5 26. axb4 axb4 27. Be1 Qc4 28. Qxc4 Bxc4 29. Bxc3 bxc3 30. Rxc3 Bxe2 31. Rf2 Bb5 32. Rxc7 Bd8 33. Rc5 Bd7 34. Rb2 0-0 35. Rb8 Be7 36. Rxf8+ Kxf8 37. Ra5 Bd6 38. Ra8+ Be8 39. g4 hxg4 40. fxg4 Ke7 41. Kg1 Bc6 42. Ra5 Bb4 43. Ra7+ Ke6 44. Kf1 e4 45. Rc7 Bb5+ 46. Kg2 e3 47. Rb7 Bc6+ 48. Kf1 Bxb7 49. Ke2 Bc5 0-1

[Event "Wch U20 61st"]
[Site "Gandhinagar"]
[Date "2024.06.05"]
[Round "4"]
[White "Ang, Ern Jie Anderson"]
[Black "Guru, Prakash"]
[Result "1-0"]
[WhiteElo "2198"]
[BlackElo "1817"]
[PlyCount "153"]
[EventDate "2024.06.02"]
[EventType "swiss"]
[EventRounds "11"]
[EventCountry "IND"]
[SourceTitle "CBM 220 Extra"]
[Source "ChessBase"]
[SourceDate "2024.07.31"]
[SourceVersion "1"]
[SourceVersionDate "2024.07.31"]
[SourceQuality "1"]

1. d4 Nf6 2. c4 g6 3. g3 Bg7 4. Bg2 0-0 5. Nc3 d6 6. Nf3 Nc6 7. 0-0 e5 8. dxe5 Nxe5 9. Nxe5 dxe5 10. Qxd8 Rxd8 11. Bg5 Rd4 12. Rad1 c6 13. Be3 Rxd1 14. Rxd1 Be6 15. b3 Bf8 16. h3 Bb4 17. Na4 Nd7 18. g4 f6 19. g5 f5 20. Nb2 Be7 21. h4 Rd8 22. f3 Kf7 23. Bf2 h6 24. gxh6 a6 25. e4 f4 26. Kh2 Rh8 27. Bh3 Rxh6 28. Rxd7 Bxd7 29. Bxd7 Bxh4 30. Bxh4 Rxh4+ 31. Bh3 Rh8 32. Nd3 Kf6 33. a4 Rd8 34. Bf1 g5 35. Kg2 Rd4 36. Kh3 Rd8 37. c5 Rd4 38. Nf2 Kg7 39. Ng4 Rd1 40. Bc4 Rg1 41. Kh2 Rd1 42. Nxe5 Rd8 43. Ng4 Rb8 44. Kh3 Rh8+ 45. Kg2 Rd8 46. e5 Rd4 47. Nf6 Rd2+ 48. Kh3 Rd1 49. Ne4 Rh1+ 50. Kg2 Re1 51. e6 Kf8 52. Nxg5 Re5 53. Ne4 Rh5 54. Kf1 Ke7 55. Kg2 Rh8 56. Kf1 Rh2 57. Nf2 Rh5 58. Nd3 Kf6 59. Nf2 Ke7 60. Ne4 Rh7 61. Kg1 Rh8 62. a5 Rg8+ 63. Kf2 Rg7 64. Nd6 Kd8 65. Ke2 Rh7 66. Kd3 Rh5 67. Nxb7+ Kc7 68. Nd6 Re5 69. Ne4 Rh5 70. Bxa6 Rh3 71. Nd2 Rh5 72. b4 Rd5+ 73. Kc3 Rh5 74. Bd3 Rh6 75. Bc4 Rh3 76. e7 Kd7 77. Be6+ 1-0

[Event "MAS-ch"]
[Site "Pontian"]
[Date "2024.04.24"]
[Round "7"]
[White "Ang, Ern Jie Anderson"]
[Black "Wong, Jianwen"]
[Result "1/2-1/2"]
[WhiteElo "2209"]
[BlackElo "2203"]
[PlyCount "49"]
[EventDate "2024.04.21"]
[EventType "swiss"]
[EventRounds "9"]
[EventCountry "MAS"]
[SourceTitle "EXT 2025"]
[Source "ChessBase"]
[SourceDate "2024.10.14"]
[SourceVersion "1"]
[SourceVersionDate "2024.10.14"]
[SourceQuality "1"]

1. d4 Nf6 2. c4 e6 3. g3 Bb4+ 4. Nd2 0-0 5. Bg2 d5 6. Ngf3 b6 7. cxd5 exd5 8. 0-0 Re8 9. Ne5 Bb7 10. Qa4 Bf8 11. Ndf3 Nfd7 12. Be3 c5 13. Rfd1 a6 14. Qc2 g6 15. Nd3 c4 16. Nf4 b5 17. Ne5 Nb6 18. h4 Bc8 19. h5 Bf5 20. Qd2 Bg7 21. g4 Bc8 22. hxg6 hxg6 23. Qc2 Ra7 24. Bf3 Qd6 25. Kg2 1/2-1/2

[Event "MAS-ch"]
[Site "Pontian"]
[Date "2024.04.22"]
[Round "3"]
[White "Ang, Ern Jie Anderson"]
[Black "Chong, Hao Ern"]
[Result "1-0"]
[WhiteElo "2209"]
[BlackElo "1826"]
[PlyCount "99"]
[EventDate "2024.04.21"]
[EventType "swiss"]
[EventRounds "9"]
[EventCountry "MAS"]
[SourceTitle "EXT 2025"]
[Source "ChessBase"]
[SourceDate "2024.10.14"]
[SourceVersion "1"]
[SourceVersionDate "2024.10.14"]
[SourceQuality "1"]

1. d4 d5 2. c4 c6 3. Nf3 Nf6 4. g3 Bf5 5. Nc3 e6 6. Nh4 Bg6 7. Qb3 Qb6 8. Nxg6 hxg6 9. c5 Qxb3 10. axb3 Be7 11. e3 Nbd7 12. b4 a6 13. b5 cxb5 14. Bxb5 0-0 15. Bd3 Nb8 16. Bd2 Nc6 17. f4 Nb4 18. Bb1 Nd7 19. Na4 Nc6 20. Ke2 Rfb8 21. Rc1 a5 22. Bd3 Bd8 23. Nc3 Nb4 24. Bb5 Nf6 25. Na4 Nc6 26. Ra3 Ne4 27. Be1 Na7 28. Bd3 Nf6 29. Rca1 Nc6 30. Rb3 Nd7 31. Bb5 Nf6 32. Kd1 Na7 33. Bd3 Nd7 34. Raa3 Nc6 35. Bb5 Bc7 36. Kc2 Kh7 37. Kb1 Kh6 38. Nc3 f5 39. Be2 Bd8 40. Bb5 Bc7 41. h3 g5 42. fxg5+ Kxg5 43. Be2 Nf6 44. Nb5 Bd8 45. Nd6 Kg6 46. Rxb7 Rxb7 47. Nxb7 Bc7 48. Bb5 Na7 49. Ba4 Nc8 50. Bc2 1-0

[Event "MAS-ch"]
[Site "Pontian"]
[Date "2024.04.22"]
[Round "2"]
[White "Erowan, Masrin"]
[Black "Ang, Ern Jie Anderson"]
[Result "1-0"]
[WhiteElo "1942"]
[BlackElo "2209"]
[PlyCount "49"]
[EventDate "2024.04.21"]
[EventType "swiss"]
[EventRounds "9"]
[EventCountry "MAS"]
[SourceTitle "EXT 2025"]
[Source "ChessBase"]
[SourceDate "2024.10.14"]
[SourceVersion "1"]
[SourceVersionDate "2024.10.14"]
[SourceQuality "1"]

1. e4 c5 2. Nc3 Nc6 3. Bb5 Nd4 4. Nf3 a6 5. Bd3 g6 6. 0-0 Bg7 7. Nxd4 cxd4 8. Ne2 d6 9. c3 dxc3 10. dxc3 Nf6 11. a4 b6 12. f3 0-0 13. Be3 Bb7 14. Qd2 Rc8 15. Rfd1 Nd7 16. Bh6 Qc7 17. Kh1 Ne5 18. Bxg7 Kxg7 19. Qe3 h5 20. Nd4 Rfd8 21. Qg5 e6 22. Be2 Nc6 23. Nxc6 Qxc6 24. e5 dxe5 25. Rxd8 1-0

[Event "MAS-ch"]
[Site "Pontian"]
[Date "2024.04.21"]
[Round "1"]
[White "Ang, Ern Jie Anderson"]
[Black "Muraley, Rittesh"]
[Result "1-0"]
[WhiteElo "2209"]
[BlackElo "1837"]
[PlyCount "87"]
[EventDate "2024.04.21"]
[EventType "swiss"]
[EventRounds "9"]
[EventCountry "MAS"]
[SourceTitle "EXT 2025"]
[Source "ChessBase"]
[SourceDate "2024.10.14"]
[SourceVersion "1"]
[SourceVersionDate "2024.10.14"]
[SourceQuality "1"]

1. Nf3 d5 2. b4 e6 3. Bb2 Nf6 4. a3 c5 5. bxc5 Bxc5 6. e3 0-0 7. d4 Bd6 8. Nbd2 b5 9. Bd3 a6 10. 0-0 Bb7 11. Ne5 Bxe5 12. dxe5 Ne4 13. Nb3 Nd7 14. Qh5 g6 15. Qh6 Ndc5 16. f4 Nxb3 17. cxb3 Nc5 18. Rad1 Re8 19. Rf3 Nxd3 20. Rxd3 Qe7 21. Rh3 f5 22. exf6 Qf7 23. Qxh7+ Qxh7 24. f7+ Kxf7 25. Rxh7+ Kg8 26. Rxb7 Rac8 27. Rd2 Rc6 28. Rg7+ Kf8 29. Rh7 Rec8 30. Rh8+ Kf7 31. Rxc8 Rxc8 32. g4 a5 33. Kg2 a4 34. b4 Rc4 35. Kg3 g5 36. fxg5 Kg6 37. h4 Re4 38. Kf3 Rc4 39. Rh2 e5 40. Bxe5 Rc1 41. h5+ Kh7 42. g6+ Kh6 43. g7 Kh7 44. h6 1-0

[Event "Titled Tuesday intern op 19th Dec Late"]
[Site "Chess.com INT"]
[Date "2023.12.19"]
[Round "2"]
[White "Apoorv, Kamble"]
[Black "Ang, Ern Jie Anderson"]
[Result "0-1"]
[WhiteElo "2129"]
[BlackElo "2209"]
[PlyCount "102"]
[EventDate "2023.12.19"]
[EventType "swiss (blitz)"]
[EventRounds "11"]
[EventCountry "USA"]
[SourceTitle "EXT 2025"]
[Source "ChessBase"]
[SourceDate "2024.10.14"]
[SourceVersion "1"]
[SourceVersionDate "2024.10.14"]
[SourceQuality "1"]

1. e4 c5 2. Nc3 Nc6 3. Nf3 g6 4. Bc4 Bg7 5. 0-0 e6 6. a4 Nge7 7. Re1 0-0 8. e5 Qc7 9. Nb5 Qb8 10. d4 a6 11. Nd6 cxd4 12. Bf4 Nf5 13. Nxf5 gxf5 14. Ra3 Qa7 15. Ng5 h6 16. Qh5 hxg5 17. Qxg5 f6 18. exf6 Rxf6 19. Rg3 Rf7 20. Bd6 b5 21. Bd3 Bb7 22. Rh3 Qb6 23. Qh4 Bf6 24. Rg3+ Bg7 25. Rh3 Rf6 26. Qh7+ Kf7 27. Rg3 Rg8 28. Be2 e5 29. Bh5+ Ke6 30. Qxg8+ Kxd6 31. Qxg7 Re6 32. Rg6 Qa5 33. Rf1 Ne7 34. Rxe6+ dxe6 35. Qf8 Bc6 36. axb5 axb5 37. h4 Qd2 38. Qd8+ Bd7 39. Qb6+ Nc6 40. Qxb5 Qxc2 41. Bd1 Qd2 42. h5 Qg5 43. Qb7 e4 44. Qa6 e5 45. Qa3+ Kc7 46. Qc5 f4 47. b4 f3 48. g3 Qxh5 49. b5 Qh3 50. b6+ Kb7 51. Bxf3 exf3 0-1

[Event "Titled Tuesday intern op 19th Dec Late"]
[Site "Chess.com INT"]
[Date "2023.12.19"]
[Round "5"]
[White "D'Arruda, Ricardo D"]
[Black "Ang, Ern Jie Anderson"]
[Result "1/2-1/2"]
[WhiteElo "2271"]
[BlackElo "2209"]
[PlyCount "86"]
[EventDate "2023.12.19"]
[EventType "swiss (blitz)"]
[EventRounds "11"]
[EventCountry "USA"]
[SourceTitle "EXT 2025"]
[Source "ChessBase"]
[SourceDate "2024.10.14"]
[SourceVersion "1"]
[SourceVersionDate "2024.10.14"]
[SourceQuality "1"]

1. d4 d5 2. Nf3 Nf6 3. c4 c6 4. e3 Bf5 5. Bd3 Bxd3 6. Qxd3 e6 7. Nc3 Nbd7 8. 0-0 Be7 9. e4 dxe4 10. Nxe4 0-0 11. b3 c5 12. Bb2 cxd4 13. Nxd4 Nxe4 14. Qxe4 Nc5 15. Qe2 Bf6 16. Rad1 Qb6 17. g3 Rfd8 18. Nb5 Bxb2 19. Qxb2 a6 20. Nc3 Qb4 21. Kg2 h6 22. Rxd8+ Rxd8 23. Rd1 Rxd1 24. Nxd1 Qe1 25. Qd4 Ne4 26. Qe3 Qxd1 27. Qxe4 Qd7 28. h4 h5 29. c5 Kf8 30. b4 Ke7 31. Qe5 Qc6+ 32. Kg1 Qf3 33. a4 g6 34. b5 Qd1+ 35. Kh2 Qxa4 36. Qc7+ Kf6 37. c6 bxc6 38. bxc6 Qd4 39. Kg2 Qe4+ 40. Kg1 Qe1+ 41. Kg2 Qe4+ 42. Kh2 Qd4 43. Kg2 Qe4+ 1/2-1/2

[Event "Wch U18"]
[Site "Montesilvano"]
[Date "2023.11.21"]
[Round "8"]
[White "Kienboeck, Benjamin"]
[Black "Ang, Ern Jie Anderson"]
[Result "1/2-1/2"]
[WhiteElo "2228"]
[BlackElo "2103"]
[PlyCount "88"]
[EventDate "2023.11.13"]
[EventType "swiss"]
[EventRounds "11"]
[EventCountry "ITA"]
[SourceTitle "EXT 2025"]
[Source "ChessBase"]
[SourceDate "2024.10.14"]
[SourceVersion "1"]
[SourceVersionDate "2024.10.14"]
[SourceQuality "1"]

1. e4 c5 2. Nf3 Nc6 3. d4 cxd4 4. Nxd4 g6 5. c4 Bg7 6. Be3 Nf6 7. Nc3 d6 8. Be2 0-0 9. 0-0 Bd7 10. h3 Nxd4 11. Bxd4 Bc6 12. Qc2 a5 13. Rad1 Nd7 14. Bxg7 Kxg7 15. Bg4 Nc5 16. e5 Qc7 17. exd6 exd6 18. Qd2 Rad8 19. Rfe1 Kg8 20. Re3 f5 21. Bf3 Bxf3 22. Rxf3 Nd7 23. Rf4 Ne5 24. b3 Qg7 25. Rd4 Nc6 26. Rd5 f4 27. f3 Ne7 28. Rd4 g5 29. Rxd6 Rxd6 30. Qxd6 Nf5 31. Qe6+ Kh8 32. Nd5 Qb2 33. Re1 Ng7 34. Qe7 Re8 35. Qxe8+ Nxe8 36. Rxe8+ Kg7 37. Re7+ Kg6 38. Rxb7 Qxa2 39. Rb6+ Kf7 40. Kh2 a4 41. Nc3 Qf2 42. Nxa4 Qg3+ 43. Kg1 Qe1+ 44. Kh2 Qg3+ 1/2-1/2

[Event "World Cup U12 Prel"]
[Site "Tornelo INT"]
[Date "2021.08.06"]
[Round "10"]
[White "Ang, Ern Jie Anderson"]
[Black "Nurgaliyev, Sauat"]
[Result "1/2-1/2"]
[WhiteElo "1910"]
[BlackElo "1803"]
[PlyCount "92"]
[EventDate "2021.08.06"]
[EventType "swiss (rapid)"]
[EventRounds "10"]
[EventCountry "NET"]
[SourceTitle "EXT 2025"]
[Source "ChessBase"]
[SourceDate "2024.10.14"]
[SourceVersion "1"]
[SourceVersionDate "2024.10.14"]
[SourceQuality "1"]

1. d4 Nf6 2. c4 e6 3. g3 d5 4. Bg2 Be7 5. Nf3 0-0 6. Qc2 dxc4 7. Qxc4 a6 8. Qc2 c5 9. dxc5 Qa5+ 10. Bd2 Qxc5 11. Qxc5 Bxc5 12. Nc3 Nc6 13. 0-0 e5 14. Bg5 Be6 15. Rac1 Rfd8 16. Rfd1 Be7 17. Be3 Rxd1+ 18. Rxd1 Rd8 19. Rxd8+ Bxd8 20. Ng5 Bd7 21. Nd5 Ng4 22. Bd2 Nd4 23. Nc3 b5 24. h3 Nf6 25. Kf1 h6 26. Nf3 Nxf3 27. exf3 Be6 28. a3 Ba5 29. Ne4 Bxd2 30. Nxd2 Nd5 31. Ne4 Nb6 32. Nd2 Kf8 33. Ke2 Nc4 34. Nxc4 Bxc4+ 35. Ke3 Bd5 36. Bf1 Bb7 37. f4 exf4+ 38. Kxf4 Ke7 39. Ke5 f6+ 40. Kd4 Kd6 41. h4 Bc8 42. b4 Bb7 43. Be2 Bd5 44. Bf1 Bb7 45. Be2 Bd5 46. Bf1 Bb7 1/2-1/2